000 00288nam a2200109Ia 4500
008 220204s9999 xx 000 0 und d
082 _a62(031)
_bPAR
100 _aParker, Sybil P
245 0 _aMcGraw hill encyclopedia of engineering
260 _aNew York
_bMcGraw Hill
_c1978
942 _cBK
999 _c38362
_d38362